[Event "53smm Richter/Lask-Brixen/Milland"]
[Site "?"]
[Date "2021.11.06"]
[Round "1.4"]
[White "Kowalczyk, Martin"]
[Black "Wisthaler, Lukas"]
[Result "1/2-1/2"]
[WhiteElo "1798"]
[BlackElo "1876"]
[PlyCount "90"]
[EventDate "2021.11.06"]

1. e4 c5 2. Nf3 e6 3. b3 d5 4. exd5 exd5 5. Bb2 Nf6 6. Bb5+ Bd7 7. Qe2+ Qe7 8.
Bxf6 Qxe2+ 9. Bxe2 gxf6 10. Nc3 Be6 11. Bb5+ Nc6 12. d4 O-O-O 13. Bxc6 bxc6 14.
dxc5 Bxc5 15. Na4 Bd6 16. O-O Rhg8 17. g3 Bd7 18. Rad1 Rge8 19. c4 Bg4 20. Rd3
dxc4 21. bxc4 Bb4 22. Rb3 Ba5 23. Kg2 Re2 24. a3 Rc2 25. c5 Be6 26. Re3 Rc4 27.
Nb2 Rxc5 28. h3 Rc2 29. Na4 Rd7 30. Rb1 Rc4 31. Nb2 Rc3 32. Rxc3 Bxc3 33. Nd1
Ba5 34. Ne3 Rd3 35. Rc1 Kc7 36. Nc4 Bb6 37. Nfd2 Bd5+ 38. Kf1 Be6 39. Ke2 Rd4
40. Nxb6 axb6 41. h4 Bd5 42. Ke3 Ra4 43. Rc3 Kd6 44. f3 Ke5 45. Rd3 c5 1/2-1/2

[Event "53smm B Arci-Steinegg"]
[Site "?"]
[Date "2021.11.20"]
[Round "2.4"]
[White "Benvenuto, Alexander"]
[Black "Schroffenegger, Franz"]
[Result "1-0"]
[WhiteElo "1711"]
[BlackElo "1160"]
[PlyCount "61"]
[EventDate "2021.11.20"]

1. d4 e6 2. Nf3 Nf6 3. Nbd2 d5 4. e3 Be7 5. Bd3 c5 6. c3 Nc6 7. O-O Bd7 8. e4
dxe4 9. Nxe4 cxd4 10. cxd4 Qb6 11. Bc2 Nxe4 12. Bxe4 f5 13. Bc2 Nb4 14. Bb3 Bf6
15. Re1 O-O-O 16. Bf4 Rhe8 17. Rc1+ Nc6 18. Qd2 h6 19. h4 Re7 20. Qe3 Rg8 21.
Bd6 Ree8 22. Ne5 g5 23. Nxd7 Qxd4 24. Nxf6 Qxf6 25. Bxe6+ Rxe6 26. Qxe6+ Qxe6
27. Rxe6 Rh8 28. hxg5 hxg5 29. Rg6 g4 30. Rf6 Rd8 31. Rf8 1-0

[Event "53smm B Groeden2-Kaltern/Tramin"]
[Site "?"]
[Date "2021.11.20"]
[Round "2.1"]
[White "Maier, Fridolin"]
[Black "Bernardi, Ruben"]
[Result "1-0"]
[WhiteElo "1794"]
[BlackElo "2056"]
[PlyCount "51"]
[EventDate "2021.11.20"]

1. e4 e6 2. d4 d5 3. Nc3 Bb4 4. exd5 exd5 5. Nf3 Nf6 6. Bd3 O-O 7. O-O c6 8.
Ne5 Nbd7 9. Bg5 Bd6 10. f4 Qb6 11. Kh1 Qxb2 12. Nxd7 Nxd7 13. Qe1 Bb4 14. Qh4
f5 15. Ne2 Nf6 16. Rab1 Qa3 17. Rf3 Qa5 18. Rh3 Rf7 19. Ng3 h6 20. Nxf5 Qxa2
21. Rf1 Ng4 22. Qxg4 Bxf5 23. Bxf5 hxg5 24. fxg5 Re8 25. Be6 Rxe6 26. Qxe6 1-0

[Event "53smm B Groeden2-Kaltern/Tramin"]
[Site "?"]
[Date "2021.11.20"]
[Round "2.2"]
[White "Casadio, Lorenzo"]
[Black "Unterkofler, Alex"]
[Result "1/2-1/2"]
[WhiteElo "1863"]
[BlackElo "1743"]
[PlyCount "39"]
[EventDate "2021.11.20"]

1. Nf3 d5 2. c4 d4 3. b4 c5 4. e3 d3 5. Ne5 Nf6 6. Qa4+ Bd7 7. b5 Bf5 8. Qb3
Nbd7 9. Bxd3 Nxe5 10. Bxf5 e6 11. Bc2 Nfg4 12. h3 Nxf2 13. Kxf2 Qh4+ 14. g3
Qf6+ 15. Kg2 Qf3+ 16. Kg1 Qxg3+ 17. Kf1 Qf3+ 18. Kg1 Qg3+ 19. Kf1 Qf3+ 20. Kg1
1/2-1/2

[Event "53smm B Groeden2-Kaltern/Tramin"]
[Site "?"]
[Date "2021.11.20"]
[Round "2.3"]
[White "Martinelli, Michele"]
[Black "Kasslatter, Matthias"]
[Result "1-0"]
[WhiteElo "1662"]
[BlackElo "1573"]
[PlyCount "49"]
[EventDate "2021.11.20"]

1. e4 e5 2. Nf3 Nc6 3. Bb5 a6 4. Ba4 b5 5. Bb3 Bc5 6. O-O Nf6 7. Re1 d6 8. h3
O-O 9. c3 Bb6 10. a4 bxa4 11. Bxa4 Bb7 12. d4 exd4 13. cxd4 d5 14. e5 Ne4 15.
Nc3 Nxc3 16. bxc3 h6 17. Qd3 f6 18. Bxh6 gxh6 19. Qg6+ Kh8 20. Qxh6+ Kg8 21.
Nh4 Rf7 22. Re3 Qf8 23. Rg3+ Rg7 24. Ng6 Qd8 25. e6 1-0

[Event "53smm B Groeden2-Kaltern/Tramin"]
[Site "?"]
[Date "2021.11.20"]
[Round "2.4"]
[White "Insam, Raffael"]
[Black "Florian, Andreas"]
[Result "1/2-1/2"]
[WhiteElo "1693"]
[BlackElo "1596"]
[PlyCount "135"]
[EventDate "2021.11.20"]

1. e4 e6 2. d4 d5 3. Nc3 Nf6 4. e5 Nfd7 5. Nce2 c5 6. c3 Nc6 7. f4 cxd4 8. cxd4
f6 9. Nf3 Be7 10. Be3 O-O 11. Nc3 Qb6 12. Qd2 a6 13. Be2 Qd8 14. O-O b5 15.
Rac1 Bb7 16. Bd3 f5 17. h3 Rf7 18. g4 g6 19. gxf5 gxf5 20. Kh2 Kh8 21. Nxd5
Ndxe5 22. fxe5 Qxd5 23. Ng5 Bxg5 24. Bxg5 Nxd4 25. Bf6+ Rxf6 26. exf6 Nf3+ 27.
Rxf3 Qxf3 28. Rf1 Qh5 29. Qc3 Qf7 30. Rg1 Rg8 31. Rxg8+ Kxg8 32. Bxf5 exf5 33.
Qg3+ Qg6 34. Qb8+ Kf7 35. Qxb7+ Kxf6 36. Qxa6+ Kg5 37. Qxb5 Qd6+ 38. Kh1 Qd1+
39. Kg2 Qd2+ 40. Kg1 Qe3+ 41. Kg2 Qe4+ 42. Kf2 Qf4+ 43. Ke1 Qg3+ 44. Kd2 Qxh3
45. a4 Qg2+ 46. Kc3 Qg3+ 47. Kb4 Qe1+ 48. Ka3 Qa1+ 49. Kb3 Qd1+ 50. Ka2 Qf3 51.
a5 h5 52. a6 h4 53. Qb7 Qf4 54. Qg2+ Kh5 55. Qc6 Qb4 56. Qe8+ Kg4 57. Kb1 Qa5
58. Qe2+ Kg3 59. Qe3+ Kg2 60. a7 h3 61. Qe2+ Kg1 62. Qd1+ Kg2 63. Qc2+ Kg1 64.
Qc1+ Kf2 65. Qf4+ Kg2 66. Qg5+ Kf2 67. Qh4+ Kg2 68. Qg5+ 1/2-1/2

[Event "53smm B Naturns-Ridnaun"]
[Site "?"]
[Date "2021.11.20"]
[Round "2.2"]
[White "Christanell, Anton"]
[Black "Helfer, August"]
[Result "0-1"]
[WhiteElo "1489"]
[BlackElo "1667"]
[PlyCount "95"]
[EventDate "2021.11.20"]

1. e4 d6 2. Nf3 g6 3. Bc4 e6 4. d3 Bg7 5. c3 Ne7 6. Bg5 h6 7. Be3 a6 8. O-O O-O
9. h3 b5 10. Bb3 Bb7 11. Qd2 Kh7 12. Qe2 Nd7 13. Nbd2 c5 14. Rab1 d5 15. exd5
exd5 16. d4 c4 17. Bc2 f5 18. Bf4 Nc6 19. Rbe1 Re8 20. Qd1 Nf6 21. Rxe8 Qxe8
22. Ne5 Ne4 23. Nxc6 Qxc6 24. Nf3 Re8 25. Re1 a5 26. Bh2 b4 27. Ba4 Qc8 28.
Bxe8 Qxe8 29. Qc2 Qb5 30. Be5 Bf8 31. Rb1 b3 32. axb3 cxb3 33. Qd1 a4 34. Nd2
Ba6 35. Ra1 Qd3 36. Nxe4 Qxd1+ 37. Rxd1 fxe4 38. Ra1 a3 39. bxa3 b2 40. Rb1
Bxa3 41. Bd6 Bxd6 42. Rxb2 Bc4 43. g3 Ba3 44. Rb1 Kg7 45. Kg2 h5 46. f3 e3 47.
f4 Bd3 48. Rb3 0-1

[Event "53smm Brixen/Milland-Gries"]
[Site "?"]
[Date "2021.11.20"]
[Round "2.1"]
[White "Zammarchi, Massimo"]
[Black "Sader, Michael"]
[Result "1/2-1/2"]
[WhiteElo "1927"]
[BlackElo "2112"]
[PlyCount "83"]
[EventDate "2021.11.20"]

1. e4 c5 2. Nf3 e6 3. d4 cxd4 4. Nxd4 a6 5. Nc3 Qc7 6. Bd3 Nc6 7. Nxc6 dxc6 8.
O-O e5 9. a4 Nf6 10. Bg5 Be7 11. a5 Be6 12. Qe2 h6 13. Be3 Nd7 14. Na4 c5 15.
Bc4 Bxc4 16. Qxc4 Qxa5 17. Rfd1 Qc7 18. Rxd7 Qxd7 19. Nb6 Qc6 20. Nxa8 O-O 21.
Rd1 Rxa8 22. Rd5 b5 23. Qc3 c4 24. Qxe5 Bf6 25. Qg3 Bxb2 26. f3 Ba3 27. Bd4 Bf8
28. Qe5 Re8 29. Qf5 Qe6 30. Qf4 b4 31. Qc7 Rc8 32. Qb7 b3 33. cxb3 c3 34. Be3
c2 35. Bc1 Bc5+ 36. Kf1 a5 37. Ke2 Bb4 38. Re5 Qc6 39. Qxc6 Rxc6 40. Re8+ Kh7
41. Rd8 Rc3 42. Rd3 1/2-1/2

[Event "53smm Brixen/Milland-Gries"]
[Site "?"]
[Date "2021.11.20"]
[Round "2.2"]
[White "Brenninger, Daniel"]
[Black "Paulmichl, Martin"]
[Result "1/2-1/2"]
[WhiteElo "2085"]
[BlackElo "1886"]
[PlyCount "59"]
[EventDate "2021.11.20"]

1. Nc3 e6 2. d4 d5 3. Bf4 Bd6 4. Qd2 Nf6 5. f3 O-O 6. O-O-O c5 7. dxc5 Bxf4 8.
Qxf4 Nbd7 9. e4 e5 10. Qg5 h6 11. Qg3 d4 12. Nb5 Nh5 13. Qe1 Nxc5 14. c3 a6 15.
cxd4 axb5 16. dxc5 Qe7 17. Qb4 Rxa2 18. Bxb5 Ra1+ 19. Kc2 Rxd1 20. Kxd1 Rd8+
21. Kc2 b6 22. Ne2 bxc5 23. Qa5 Be6 24. Qc3 Qd6 25. g4 Nf6 26. h4 Qb6 27. Bc4
Ne8 28. Bxe6 Qxe6 29. Rd1 Rxd1 30. Kxd1 1/2-1/2

[Event "53smm Brixen/Milland-Gries"]
[Site "?"]
[Date "2021.11.20"]
[Round "2.3"]
[White "Niederstaetter, Harald"]
[Black "Kofler, Thomas"]
[Result "1/2-1/2"]
[WhiteElo "1867"]
[BlackElo "1972"]
[PlyCount "63"]
[EventDate "2021.11.20"]

1. d4 d6 2. Bf4 Nf6 3. e3 g6 4. Nf3 Bg7 5. Be2 O-O 6. O-O Nh5 7. Bg5 h6 8. Bh4
g5 9. Bg3 Nxg3 10. hxg3 Bf5 11. c3 Nd7 12. Bd3 Bg4 13. Nbd2 c6 14. Qc2 Nf6 15.
Rfe1 Qc7 16. a4 Rad8 17. a5 Bc8 18. Nc4 Nd7 19. e4 e5 20. dxe5 Nxe5 21. Nfxe5
dxe5 22. Ne3 Rfe8 23. Bc4 Rd6 24. b4 Red8 25. Red1 Qe7 26. Rxd6 Rxd6 27. Rd1
Qd8 28. Qb3 Rxd1+ 29. Nxd1 Qf6 30. Ne3 h5 31. Qd1 g4 32. Be2 1/2-1/2

[Event "53smm Deutschnofen-Klausen"]
[Site "?"]
[Date "2021.11.20"]
[Round "2.1"]
[White "Schacher, Gerd"]
[Black "Zamengo, Fulvio"]
[Result "1/2-1/2"]
[WhiteElo "2287"]
[BlackElo "2316"]
[PlyCount "47"]
[EventDate "2021.11.20"]

1. c4 c5 2. Nf3 Nf6 3. g3 Nc6 4. Bg2 d5 5. O-O e5 6. Qa4 Bd6 7. cxd5 Nxd5 8.
Nc3 Nde7 9. e3 O-O 10. d4 cxd4 11. exd4 Bd7 12. Qd1 exd4 13. Nxd4 Be5 14. Be3
Nxd4 15. Bxd4 Bxd4 16. Qxd4 Bc6 17. Rad1 Qxd4 18. Rxd4 Bxg2 19. Kxg2 Rfd8 20.
Rfd1 Nc6 21. Rd7 Rab8 22. f4 Kf8 23. Kf3 Ke8 24. Rxd8+ 1/2-1/2

[Event "53smm Deutschnofen-Klausen"]
[Site "?"]
[Date "2021.11.20"]
[Round "2.2"]
[White "Dappiano, Andrea"]
[Black "Seebacher, Michael"]
[Result "1-0"]
[WhiteElo "2258"]
[BlackElo "2043"]
[PlyCount "55"]
[EventDate "2021.11.20"]

1. e4 Nc6 2. Nf3 e5 3. d4 exd4 4. Nxd4 Nf6 5. Nxc6 bxc6 6. e5 Qe7 7. Qe2 Nd5 8.
c4 Ba6 9. b3 f6 10. exf6 Nxf6 11. Nc3 Qxe2+ 12. Bxe2 Bb4 13. Bd2 d5 14. cxd5
Bxe2 15. Nxe2 Bxd2+ 16. Kxd2 cxd5 17. f3 Kd7 18. Rac1 Kd6 19. Nd4 c5 20. Nf5+
Kc6 21. Rhe1 Kb5 22. Re6 Ne8 23. Ne7 Nf6 24. Rc6 Nd7 25. a4+ Kb4 26. Nxd5+ Kxb3
27. Rb1+ Ka3 28. Kc2 1-0

[Event "53smm Deutschnofen-Klausen"]
[Site "?"]
[Date "2021.11.20"]
[Round "2.3"]
[White "Haller, Quentin"]
[Black "Micheli, Carlo"]
[Result "1/2-1/2"]
[WhiteElo "1883"]
[BlackElo "2214"]
[PlyCount "72"]
[EventDate "2021.11.20"]

1. d4 d6 2. Nf3 Nf6 3. Bg5 Nbd7 4. e3 h6 5. Bf4 g5 6. Bg3 Nh5 7. Bc4 e6 8. Nbd2
Bg7 9. c3 Qe7 10. Nb3 d5 11. Be2 Nxg3 12. hxg3 a6 13. a4 c5 14. Nc1 b6 15. Nd3
Bb7 16. Nde5 Nxe5 17. Nxe5 Bxe5 18. dxe5 Qc7 19. f4 O-O-O 20. Bf3 f6 21. exf6
e5 22. Qc2 e4 23. Bg4+ Kb8 24. Qf2 gxf4 25. Qxf4 Qxf4 26. gxf4 Rdf8 27. O-O-O
Rxf6 28. Rh5 Rg8 29. Bh3 Rg3 30. Kd2 d4 31. cxd4 cxd4 32. exd4 Rxf4 33. Rxh6
Rf2+ 34. Ke1 Rxb2 35. d5 Re3+ 36. Kf1 Rd3 1/2-1/2

[Event "53smm Deutschnofen-Klausen"]
[Site "?"]
[Date "2021.11.20"]
[Round "2.4"]
[White "Tonina, Filippo"]
[Black "Seebacher, Reinhard"]
[Result "1-0"]
[WhiteElo "1947"]
[BlackElo "1914"]
[PlyCount "37"]
[EventDate "2021.11.20"]

1. d4 d5 2. c4 c6 3. Nc3 Nf6 4. cxd5 cxd5 5. Bf4 a6 6. e3 Nc6 7. Bd3 Bg4 8. Qb3
b5 9. h3 Na5 10. Qc2 Bh5 11. Nxb5 axb5 12. Bxb5+ Nd7 13. Qf5 Bg6 14. Qxd5 Ra7
15. b4 Nb7 16. Bb8 Nd6 17. Bxa7 Nxb5 18. Qxb5 Qa8 19. Rc1 1-0

[Event "53smm Merania-Naturns"]
[Site "?"]
[Date "2021.11.20"]
[Round "2.1"]
[White "Unterthurner, Hans"]
[Black "Bonagura, Stefano"]
[Result "0-1"]
[WhiteElo "1918"]
[BlackElo "2225"]
[PlyCount "100"]
[EventDate "2021.11.20"]

1. e4 g6 2. d4 Bg7 3. Nf3 c6 4. Bd3 d5 5. e5 Bg4 6. O-O Nh6 7. h3 Bxf3 8. Qxf3
O-O 9. c3 f6 10. exf6 exf6 11. Nd2 Nf7 12. Nb3 Nd7 13. Bf4 a5 14. Qg3 a4 15.
Bc7 Qc8 16. Nd2 b5 17. Rfe1 Ra7 18. Bf4 Re8 19. Re3 f5 20. Rae1 Rxe3 21. Qxe3
Nf6 22. Qe6 Qxe6 23. Rxe6 Nd8 24. Rd6 Rd7 25. Rxd7 Nxd7 26. b3 Ne6 27. Bd6 Bh6
28. Nf3 axb3 29. axb3 Bf4 30. Ba3 Bc7 31. c4 bxc4 32. bxc4 Bb6 33. Bb2 Kf8 34.
cxd5 cxd5 35. Bb5 Nf6 36. Kf1 g5 37. Bd3 Ne4 38. Ke2 Nf4+ 39. Ke3 Nxg2+ 40. Ke2
Nf4+ 41. Ke3 Nxd3 42. Kxd3 Nxf2+ 43. Ke3 Nxh3 44. Ne5 Bc7 45. Ba3+ Kg7 46. Nd3
g4 47. Be7 Bh2 48. Bh4 Bg1+ 49. Ke2 Bxd4 50. Nb4 Nf4+ 0-1

[Event "53smm Merania-Naturns"]
[Site "?"]
[Date "2021.11.20"]
[Round "2.2"]
[White "Zuev, Mikhail"]
[Black "Gurschler, Thomas"]
[Result "1-0"]
[WhiteElo "1707"]
[BlackElo "1852"]
[PlyCount "63"]
[EventDate "2021.11.20"]

1. d4 g6 2. Nf3 Bg7 3. e4 c6 4. Bd3 d5 5. e5 Nh6 6. O-O O-O 7. c3 f6 8. h3 Nf7
9. Qe2 fxe5 10. Nxe5 Nd7 11. f4 Nf6 12. Be3 Bd7 13. Nd2 Qc8 14. Kh2 Qc7 15. b4
Nxe5 16. fxe5 Nh5 17. Bg5 Bf6 18. Qe3 Bxg5 19. Qxg5 Be6 20. g4 Ng7 21. h4 Qd7
22. Kg3 Rxf1 23. Rxf1 Rf8 24. h5 Bxg4 25. Rxf8+ Kxf8 26. Qxg4 Nxh5+ 27. Kf3 Qe8
28. Ke2 Qf7 29. Ke3 Kg7 30. Nf3 h6 31. Nh4 g5 32. Nf5+ 1-0

[Event "53smm Merania-Naturns"]
[Site "?"]
[Date "2021.11.20"]
[Round "2.3"]
[White "Gurschler, Gregor"]
[Black "Battiston, Claudio"]
[Result "1/2-1/2"]
[WhiteElo "1791"]
[BlackElo "1814"]
[PlyCount "89"]
[EventDate "2021.11.20"]

1. e4 g6 2. d4 Bg7 3. Nf3 d6 4. Be3 c6 5. Nc3 Qb6 6. Qd2 Qxb2 7. Rb1 Qa3 8. Bc4
Nf6 9. O-O O-O 10. Rb3 Qa5 11. a4 Qc7 12. Bh6 b6 13. Bxg7 Kxg7 14. e5 Ng4 15.
exd6 exd6 16. d5 c5 17. Ne4 Bf5 18. Ng3 Nh6 19. Qg5 Bg4 20. h3 f6 21. Qf4 Bxf3
22. Rxf3 Ng8 23. Ne4 Nd7 24. Qxd6 Qxd6 25. Nxd6 Ne5 26. Rc3 Rad8 27. Nb5 Nxc4
28. Rxc4 Rxd5 29. Nxa7 Rfd8 30. Re1 Rd1 31. Rxd1 Rxd1+ 32. Kh2 Ne7 33. a5 bxa5
34. Rxc5 a4 35. Ra5 Rc1 36. Rxa4 Rxc2 37. Kg1 Rc1+ 38. Kh2 Rc2 39. Kg1 Rc5 40.
Rb4 Rc7 41. Nb5 Rc1+ 42. Kh2 Rc2 43. Kg1 Nc6 44. Re4 Rc1+ 45. Kh2 1/2-1/2

[Event "53smm Merania-Naturns"]
[Site "?"]
[Date "2021.11.20"]
[Round "2.4"]
[White "Kaserer, Hanspeter"]
[Black "Gurschler, Markus"]
[Result "1/2-1/2"]
[WhiteElo "1683"]
[BlackElo "1561"]
[PlyCount "106"]
[EventDate "2021.11.20"]

1. d4 g6 2. c4 Bg7 3. Nf3 d6 4. Nc3 Bg4 5. e3 Nd7 6. h3 Bxf3 7. Qxf3 Rb8 8. Bd3
e5 9. O-O Ne7 10. d5 O-O 11. e4 f5 12. Bg5 fxe4 13. Qxe4 Nc5 14. Qe2 Nxd3 15.
Qxd3 Qd7 16. Ne4 Nf5 17. Bd2 Nd4 18. Bc3 Qf5 19. Rad1 b6 20. b4 Qd7 21. Bxd4
exd4 22. Ng5 b5 23. Ne6 Rf5 24. Nxd4 Rf4 25. Qe3 Rxd4 26. Rxd4 Bxd4 27. Qxd4 a6
28. Re1 bxc4 29. Qxc4 Kf7 30. Re3 Rb5 31. Re6 Rxd5 32. Re3 c6 33. Qxa6 Rd1+ 34.
Kh2 d5 35. Qe2 Rd4 36. Rf3+ Kg8 37. a3 Re4 38. Qd3 g5 39. Rg3 Qe6 40. Qf3 h6
41. Qc3 Rc4 42. Qd3 Kg7 43. Qd2 Qe5 44. Kg1 Qa1+ 45. Kh2 Qe5 46. Qd3 Re4 47.
Qa6 Rc4 48. Qb7+ Kg6 49. Qc8 h5 50. Qg8+ Kh6 51. Qf8+ Kg6 52. Qg8+ Kh6 53. Qf8+
Kg6 1/2-1/2

[Event "53smm Richter/Lask-Groeden"]
[Site "?"]
[Date "2021.11.20"]
[Round "2.1"]
[White "Moroder, Stephan"]
[Black "De Eccher, Stefano"]
[Result "1-0"]
[WhiteElo "2157"]
[BlackElo "2179"]
[PlyCount "65"]
[EventDate "2021.11.20"]

1. d4 d5 2. c4 c6 3. Nf3 Nf6 4. Nc3 dxc4 5. e4 b5 6. Be2 b4 7. Na4 Nxe4 8. Bxc4
e6 9. O-O Be7 10. Re1 Nf6 11. Bg5 O-O 12. Ne5 Nd5 13. Bxe7 Nxe7 14. Nc5 Nd7 15.
Nxf7 Rxf7 16. Nxe6 Qa5 17. Nc7 Nd5 18. Re8+ Rf8 19. Rxf8+ Kxf8 20. Qf3+ N7f6
21. Nxa8 Bb7 22. Bxd5 cxd5 23. Qf4 Bxa8 24. Qb8+ Kf7 25. Qxa8 Qc7 26. Re1 Kg6
27. Qf8 Qf4 28. Qc5 Ng4 29. Qc6+ Kh5 30. Qxd5+ g5 31. Qf3 Qxh2+ 32. Kf1 Qh4 33.
Re4 1-0

[Event "53smm Richter/Lask-Groeden"]
[Site "?"]
[Date "2021.11.20"]
[Round "2.2"]
[White "Moncher, Stefano"]
[Black "Demetz, Rainer"]
[Result "1/2-1/2"]
[WhiteElo "2169"]
[BlackElo "2169"]
[PlyCount "68"]
[EventDate "2021.11.20"]

1. e4 d5 2. exd5 Qxd5 3. Nc3 Qa5 4. Bc4 Nf6 5. d4 Bf5 6. Nge2 e6 7. O-O Bb4 8.
Bd2 c6 9. a3 Bxc3 10. Bxc3 Qc7 11. Ng3 Bg6 12. f4 O-O 13. f5 exf5 14. Nxf5 Nbd7
15. Bb4 c5 16. Ne7+ Kh8 17. dxc5 a5 18. Nxg6+ fxg6 19. Bc3 Nxc5 20. Bxf6 gxf6
21. Kh1 Rad8 22. Bd3 Rd4 23. Qe2 Nxd3 24. cxd3 Qd6 25. Rf3 Kg7 26. Rc1 Rf7 27.
h3 Re7 28. Qf1 h5 29. Rc4 Rd5 30. Rc3 Rde5 31. Rc1 f5 32. Rf4 Re2 33. Rf2 R2e6
34. Rf4 Re2 1/2-1/2

[Event "53smm Richter/Lask-Groeden"]
[Site "?"]
[Date "2021.11.20"]
[Round "2.3"]
[White "Moroder, Thomas"]
[Black "Bevilacqua, Maurizio"]
[Result "1/2-1/2"]
[WhiteElo "1999"]
[BlackElo "2055"]
[PlyCount "63"]
[EventDate "2021.11.20"]

1. e4 c5 2. Nf3 e6 3. c3 d5 4. e5 Nc6 5. d4 Bd7 6. a3 Rc8 7. b4 cxd4 8. cxd4
Qb6 9. Be3 Nh6 10. Bd3 Nf5 11. O-O g6 12. Nbd2 Nxe3 13. fxe3 Bh6 14. Qe2 O-O
15. g4 Qd8 16. Rf2 f6 17. exf6 Qxf6 18. Raf1 Qe7 19. b5 Na5 20. Ne5 Rxf2 21.
Qxf2 Rf8 22. Ndf3 Be8 23. a4 Qa3 24. g5 Bxg5 25. Qe1 Bd8 26. Qg3 Qe7 27. h4 Qg7
28. Qg4 Rf6 29. Rc1 b6 30. Rc8 Nb7 31. Ng5 Qe7 32. Rc2 1/2-1/2

[Event "53smm Richter/Lask-Groeden"]
[Site "?"]
[Date "2021.11.20"]
[Round "2.4"]
[White "Kowalczyk, Martin"]
[Black "Casadio, Niccolo"]
[Result "0-1"]
[WhiteElo "1798"]
[BlackElo "1918"]
[PlyCount "116"]
[EventDate "2021.11.20"]

1. Nf3 Nf6 2. g3 e6 3. c4 d5 4. Bg2 Be7 5. O-O O-O 6. cxd5 exd5 7. d4 Be6 8.
Nc3 Nbd7 9. Bg5 Rc8 10. Rc1 h6 11. Bxf6 Bxf6 12. Qb3 Nb6 13. Na4 Nxa4 14. Qxa4
a6 15. a3 Qd6 16. b4 Rfe8 17. e3 h5 18. h4 g6 19. Qc2 Bd7 20. Qc5 Qe6 21. Nd2
Bc6 22. Kh2 Be7 23. Qc3 Bd6 24. Bh3 f5 25. Nf3 Bb5 26. Rfe1 Qe7 27. Bg2 a5 28.
bxa5 c6 29. Ra1 Ra8 30. Bf1 Qe4 31. Bg2 Qe7 32. Bf1 Bxf1 33. Rxf1 Qe4 34. Kg2
Be7 35. Qb3 Reb8 36. Qb1 Rxa5 37. Qxe4 fxe4 38. Nd2 Rba8 39. Rfb1 R8a7 40. Rb3
Bd6 41. Rab1 b5 42. Rc1 R7a6 43. Rbc3 Bxa3 44. R1c2 Bb4 45. Rb3 Bxd2 46. Rxd2
Rb6 47. f3 Kf7 48. fxe4 dxe4 49. Rc2 b4 50. Rc4 Rab5 51. g4 Ke6 52. gxh5 gxh5
53. Kg3 Kd5 54. Rc1 Ra6 55. Kf4 Ra3 56. Rb2 b3 57. Rg2 b2 58. Rg5+ Kd6 0-1

[Event "53smm B Kaltern/Tramin-Naturns2"]
[Site "?"]
[Date "2022.03.12"]
[Round "3.1"]
[White "Illmer, Markus"]
[Black "Maier, Fridolin"]
[Result "1-0"]
[WhiteElo "1604"]
[BlackElo "1819"]
[PlyCount "39"]
[EventDate "2022.03.12"]

1. d4 Nf6 2. Nf3 c5 3. dxc5 e6 4. Bg5 Bxc5 5. e3 d5 6. Nbd2 Nbd7 7. c3 a6 8.
Qa4 O-O 9. Bd3 Rb8 10. O-O b5 11. Qh4 Qc7 12. Bxf6 Nxf6 13. a4 bxa4 14. Rxa4 e5
15. e4 Rxb2 16. exd5 Qd7 17. Ne4 Nxe4 18. Rxe4 Qxd5 19. Rd4 exd4 20. Qxh7# 1-0

[Event "53smm B Kaltern/Tramin-Naturns2"]
[Site "?"]
[Date "2022.03.12"]
[Round "3.2"]
[White "Unterkofler, Alex"]
[Black "Gurschler, Markus"]
[Result "1-0"]
[WhiteElo "1750"]
[BlackElo "1566"]
[PlyCount "47"]
[EventDate "2022.03.12"]

1. e4 g6 2. d4 Bg7 3. f4 d6 4. Nf3 Bg4 5. Be2 Nd7 6. O-O c6 7. c3 e6 8. Be3 Ne7
9. Nbd2 O-O 10. h3 Bxf3 11. Nxf3 d5 12. e5 f6 13. Qd2 fxe5 14. fxe5 Nf5 15. Bf4
Qe8 16. g4 Ne7 17. Bh6 Kh8 18. Bxg7+ Kxg7 19. Ng5 Ng8 20. Rxf8 Nxf8 21. Rf1 Nh6
22. Rf6 Rc8 23. Qf4 Rc7 24. Rxf8 1-0

[Event "53smm B Kaltern/Tramin-Naturns2"]
[Site "?"]
[Date "2022.03.12"]
[Round "3.3"]
[White "Gurschler, Gregor"]
[Black "Martinelli, Michele"]
[Result "1-0"]
[WhiteElo "1792"]
[BlackElo "1678"]
[PlyCount "110"]
[EventDate "2022.03.12"]

1. e4 d6 2. d4 g6 3. Be3 Bg7 4. Nf3 Nf6 5. Nc3 O-O 6. h3 Re8 7. Be2 b6 8. O-O
c5 9. dxc5 bxc5 10. e5 dxe5 11. Nxe5 Nbd7 12. Bf3 Nxe5 13. Bxa8 Ba6 14. Be4
Bxf1 15. Qxf1 Nxe4 16. Nxe4 Nc6 17. c3 e5 18. Nxc5 f5 19. Qc4+ Kh8 20. Ne6 Qd7
21. Nxg7 Kxg7 22. Re1 Kf6 23. b4 Rc8 24. Qe2 h5 25. Bc5 Re8 26. Rd1 Qb7 27.
Rd6+ Re6 28. b5 Ne7 29. Qd3 Qc7 30. Rxe6+ Kxe6 31. Bxe7 Kxe7 32. a4 Ke6 33. Kf1
Qc5 34. a5 e4 35. Qb1 Kd6 36. Qd1+ Kc7 37. Qb3 e3 38. fxe3 Qxe3 39. Qc4+ Kb8
40. Qg8+ Kb7 41. Qg7+ Kb8 42. Qg8+ Kc7 43. Qc4+ Kb8 44. a6 Qc1+ 45. Kf2 Qd2+
46. Kg3 h4+ 47. Kxh4 Qh6+ 48. Kg3 Qe3+ 49. Kh2 Qe5+ 50. g3 g5 51. h4 f4 52.
Qg8+ Kc7 53. Qxg5 Qe2+ 54. Kh3 Qf1+ 55. Kg4 fxg3 1-0

[Event "53smm B Kaltern/Tramin-Naturns2"]
[Site "?"]
[Date "2022.03.12"]
[Round "3.4"]
[White "Florian, Andreas"]
[Black "Christanell, Anton"]
[Result "1-0"]
[WhiteElo "1639"]
[BlackElo "1481"]
[PlyCount "97"]
[EventDate "2022.03.12"]

1. d4 d5 2. Bf4 Nf6 3. e3 e6 4. Nf3 Nc6 5. c4 dxc4 6. Bxc4 Be7 7. Nc3 a6 8. a3
O-O 9. Bd3 Nd5 10. Nxd5 exd5 11. Ne5 Nxe5 12. Bxe5 Bf6 13. Bg3 c5 14. O-O cxd4
15. exd4 Qb6 16. Qc2 h6 17. Be5 Bxe5 18. dxe5 Bd7 19. Qd2 Rfe8 20. Rfe1 Bc6 21.
b4 Rad8 22. Qf4 Qc7 23. Re3 d4 24. Rg3 Qxe5 25. Qxh6 g6 26. h4 Qg7 27. Qxg7+
Kxg7 28. h5 Rd6 29. Rd1 Re5 30. hxg6 fxg6 31. Rg4 Rde6 32. Kf1 Rh5 33. Kg1 Rhe5
34. Rxd4 Re1+ 35. Rxe1 Rxe1+ 36. Kh2 Ra1 37. Rd6 Rxa3 38. Rxg6+ Kf7 39. Rg3 Kf6
40. Rg6+ Ke5 41. Rg5+ Kd4 42. Rg4+ Kc3 43. Be4 Bxe4 44. Rxe4 Rb3 45. g4 Rxb4
46. Rxb4 Kxb4 47. g5 a5 48. g6 a4 49. g7 1-0

[Event "53smm B Steinegg-Groeden 2"]
[Site "?"]
[Date "2022.03.12"]
[Round "3.1"]
[White "Grossi, Christian"]
[Black "Engl, Alexander"]
[Result "0-1"]
[WhiteElo "1881"]
[BlackElo "1800"]
[PlyCount "82"]
[EventDate "2022.03.12"]

1. d4 e6 2. c4 f5 3. Nc3 Nf6 4. Nf3 Bb4 5. Bg5 O-O 6. e3 h6 7. Bxf6 Qxf6 8. Bd3
b6 9. O-O Bxc3 10. bxc3 Bb7 11. Rb1 d6 12. Qc2 Nd7 13. e4 f4 14. c5 dxc5 15. e5
Qe7 16. Qe2 cxd4 17. cxd4 c5 18. Bc2 cxd4 19. Qd3 Rf5 20. Nxd4 Rg5 21. Nf3 Rf5
22. Bb3 Nc5 23. Qxf5 Nxb3 24. Qxf4 Nc5 25. Qe3 Rf8 26. Nd4 Bd5 27. Rb2 Qh4 28.
f4 Bc4 29. g3 Qg4 30. Ra1 Ba6 31. Qf3 Qg6 32. Nb5 Bb7 33. Qe3 Nd3 34. Rd2 Nxf4
35. h4 Nh3+ 36. Kh2 Ng5 37. Nd4 Qh5 38. Rf2 Rxf2+ 39. Qxf2 Qg4 40. Qf4 Qh3+ 41.
Kg1 Qg2# 0-1

[Event "53smm B Steinegg-Groeden 2"]
[Site "?"]
[Date "2022.03.12"]
[Round "3.2"]
[White "Lantschner, Carmen"]
[Black "Casadio, Lorenzo"]
[Result "0-1"]
[WhiteElo "1656"]
[BlackElo "1851"]
[PlyCount "104"]
[EventDate "2022.03.12"]

1. e4 c5 2. Nf3 Nc6 3. d4 cxd4 4. Nxd4 Nf6 5. Nc3 e5 6. Nf5 d5 7. exd5 Bxf5 8.
dxc6 bxc6 9. Be3 Qc7 10. Bc4 Be7 11. h3 O-O 12. O-O Rfd8 13. Qe2 Nd5 14. Bd2
Nb4 15. Rac1 Nxc2 16. Rfd1 Nd4 17. Qe3 Rab8 18. Na4 Bc2 19. Rxc2 Nxc2 20. Qe4
Nb4 21. Bb3 Rd4 22. Qf5 Bf8 23. Nc3 Qd7 24. Qg5 h6 25. Qe3 Rd8 26. Bc1 Rxd1+
27. Nxd1 Nxa2 28. Bxa2 Qxd1+ 29. Kh2 Qa4 30. Bb3 Qf4+ 31. Qxf4 exf4 32. Bxf4
Bd6 33. Bxd6 Rxd6 34. Ba4 Rd2 35. b3 c5 36. Kg3 Kf8 37. Bb5 a5 38. Kf3 Ke7 39.
Ke3 Rd4 40. Bd3 Kd6 41. Be2 Ke5 42. f3 f5 43. Bd3 a4 44. bxa4 f4+ 45. Ke2 Rxa4
46. Bc2 Ra3 47. Kd2 Kd4 48. Bg6 c4 49. Bc2 c3+ 50. Kd1 Ke3 51. Bg6 Ra2 52. Be4
Rxg2 0-1